Statystyki dla Kraje z największą liczbą miliarderów na świecie

Kliknij tutaj aby rozwiązać quiz!

Ogólne statystyki

  • Ten quiz został rozwiązany 151 razy
  • Średni wynik to 11 z 15

Statystyki odpowiedzi

Liczba miliarderówKraj% Poprawnych
285Chiny
99%
705USA
96%
146Niemcy
94%
102Rosja
94%
55Francja
91%
49Brazylia
84%
45Kanada
84%
82Indie
82%
97Wielka Brytania
81%
47Włochy
78%
57Arabia Saudyjska
63%
55Zjednoczone Emiraty Arabskie
54%
91Szwajcaria
52%
39Singapur
29%
87HongKong
11%

Rozkład punktacji

Percentyl według liczby udzielonych odpowiedzi

Procent ludzi z każdym wynikiem

Twoja historia wyników

Nie rozwiązałeś tego quizu